| 000 | 00535nam a22002057a 4500 | ||
|---|---|---|---|
| 005 | 20260515115054.0 | ||
| 008 | 250303b |||||||| |||| 00| 0 eng d | ||
| 020 | _a9789360780722 | ||
| 040 |
_aIN-DiNC _cIN-DiNC |
||
| 041 | _deng | ||
| 082 |
_a954.162 _bSEN |
||
| 100 |
_aSEN,SANJAY _eauthor |
||
| 245 |
_aEarly and medieval assam(Major4) _cSanjay Sen |
||
| 250 | _a1st ed. | ||
| 260 |
_aGuwahati: _bAshok Publication, _c2025. |
||
| 300 | _a539p. | ||
| 650 | _aAssam History | ||
| 700 |
_aSanjay Sen _eauthor |
||
| 942 |
_2ddc _cBK |
||
| 999 |
_c12087 _d12087 |
||